000 00675nam a2200277Ia 4500
005 20260324125458.0
008 008 260324s9999 xx 000 0 eng d
020 _a9780203036433
037 _aEBOOK
040 _aCRL
040 _beng
040 _cCRL
041 _2eng
041 _aeng
084 _qCRL
100 _aShuli Barzilai
_91178133
245 0 _aTales of Bluebeard and His Wives from Late Antiquity to Postmodern Times
260 _bTaylor and Francis
260 _c2009
365 _a
365 _b255
856 _uhttp://www.taylorfrancis.com/books/9780203036433
942 _cEBOOK
999 _c1773436
_d1773436